000 01739nam a2200313 a 4500
001 BRCA_3241
005 20190320204200.0
008 110309s1810----enka---###---#000-0#eng-#
041 _aeng
044 _aenk
084 _a542
_b.M55
_c1810
100 1 _aCervantes Saavedra, Miguel de
_d1547-1616
_9213
245 1 0 _aThe Life and Exploits of the Ingenious Gentleman Don Quixote de la Mancha
_cTranslated from the Original Spanish of Miguel de Cervantes Saavedra by Charles Jarvis.
260 _aLondres
_bWilliam Miller
_c1810
300 _a4 v.
_bil.
_c20 cm.
_emapa plegable
500 _aContenido : v.1. Primera parte. Retrato de Cervantes. Prefacio del editor. Vida de Cervantes. Plan cronológico por V. de los Ríos. Mapa de España. Prólogo del autor. Notas. -- v.2. Texto. -- v.3. Segunda parte. Prólogo del autor. Notas. -- v.4. Texto
500 _aEdición : Now Carefully Revised and Corrected whith a new Tranaslation of the Spanish Poetry to which is Prefixed a Copious and new Life of Cervantes; Incluiding a Critique on the Quixote, also a Chronological Plan on the Work Embellished with a new Engravings an a Map of a Part of Spain
500 _aReimpresión de la edición de 1801 del mismo editor. Piel; planos y lomos decorados con dorados Lúdovik Osterc
500 _aQM436
546 _aTexto en : inglés
650 1 4 _aNovela española
_yÉpoca clásica, 1500-1700
_9215
650 1 4 _aLiteratura española
_yÉpoca clásica, 1500-1700
_9216
650 1 4 _aNovela española
_ySiglo XVII
_9217
650 1 4 _aDon Quijote (Personaje ficticio)
_eNovela
_9218
700 1 _aJarvis, Charles
_d?-1739
_eTraductor
_98641
740 0 _aEl Ingenioso Hidalgo Don Quijote de la Mancha
902 _aQFM
942 _2lcc
_cB
999 _c2977
_d2977